000 00356nam a2200133Ia 4500
005 20260328104257.0
008 260328s9999||||xx |||||||||||||| ||und||
100 _aZamora, Francesc
245 0 _aStar Landscape Architecture :
_b The Stars of Landscape and Art /
_cFrancesc Zamora
260 _bLoft
300 _a591 p.
650 _aHISTORIA
942 _cBK
999 _c10488
_d10488